[Event "Padova op-B 2nd"]
[Site "Padova"]
[Date "1999.12.19"]
[Round "5.15"]
[White "Litrico, Paolo"]
[Black "Consolo, Arturo"]
[Result "1-0"]
[WhiteElo "1684"]
[BlackElo "1588"]
[PlyCount "83"]
[EventDate "1999.12.11"]
[EventType "swiss"]
[EventRounds "6"]
[EventCountry "ITA"]
[SourceTitle "EXT 2024"]
[Source "ChessBase"]
[SourceDate "2023.10.10"]
[SourceVersion "1"]
[SourceVersionDate "2023.10.10"]
[SourceQuality "1"]

1. d4 c5 2. c3 cxd4 3. cxd4 d5 4. Bf4 Nf6 5. e3 Nc6 6. a3 Bf5 7. Nc3 a6 8. Nf3 h6 9. Ne5 Rc8 10. Bd3 Bxd3 11. Qxd3 e6 12. 0-0 Nh5 13. Nxc6 Rxc6 14. Be5 Bd6 15. Bxd6 Qxd6 16. Na4 0-0 17. Rfc1 Rfc8 18. Rxc6 Rxc6 19. Nc5 Qc7 20. g3 Nf6 21. b4 Ne8 22. b5 axb5 23. Qxb5 Nd6 24. Qa4 b6 25. Nd3 Nc4 26. Nb4 Rd6 27. Rc1 Qd7 28. Qa8+ Kh7 29. a4 Na5 30. Rc8 Qxa4 31. Rh8+ Kg6 32. Qg8 Qd7 33. Qh7+ Kf6 34. Nd3 Rc6 35. Rg8 Ke7 36. Rxg7 Kd6 37. Rxf7 Qc8 38. Qg7 Rc1+ 39. Nxc1 Qxc1+ 40. Kg2 Nc4 41. Qf8+ Kc6 42. Qe8+ 1-0

[Event "Padova op-B 2nd"]
[Site "Padova"]
[Date "1999.12.11"]
[Round "1.7"]
[White "Consolo, Arturo"]
[Black "Battagin, Mose"]
[Result "1/2-1/2"]
[WhiteElo "1588"]
[BlackElo "1840"]
[PlyCount "74"]
[EventDate "1999.12.11"]
[EventType "swiss"]
[EventRounds "6"]
[EventCountry "ITA"]
[SourceTitle "EXT 2024"]
[Source "ChessBase"]
[SourceDate "2023.10.10"]
[SourceVersion "1"]
[SourceVersionDate "2023.10.10"]
[SourceQuality "1"]

1. e4 d6 2. d4 Nf6 3. Nc3 g6 4. Bg5 c6 5. a4 Qa5 6. Qd2 Nbd7 7. Nf3 Bg7 8. Rb1 a6 9. Bc4 b5 10. b4 Qc7 11. Ba2 bxa4 12. 0-0 0-0 13. Rfe1 Nb6 14. e5 Nfd5 15. Ne2 Bg4 16. c4 Bxf3 17. gxf3 dxe5 18. cxd5 cxd5 19. dxe5 Bxe5 20. Bf4 e6 21. Bxe5 Qxe5 22. Ng3 Qf6 23. f4 h5 24. Qe3 Rab8 25. Ne2 Rfc8 26. Rbc1 Qd8 27. Qg3 Qf6 28. Rc5 Nd7 29. Rxc8+ Rxc8 30. Qd3 Qb2 31. Qxa6 Rc2 32. Bb1 Rd2 33. Qc8+ Kg7 34. Qc3+ Nf6 35. Qxb2 Rxb2 36. Nc3 Rxb4 37. Rc1 Rxf4 1/2-1/2